| 000 | 00841nam a2200217Ia 4500 | ||
|---|---|---|---|
| 003 | GCL | ||
| 008 | 140319s9999 xx 000 0 ara d | ||
| 040 |
_aGCL / _cGCL |
||
| 082 | 0 | 4 |
_a327.7308 _bا م |
| 100 | 1 | _aابراهيم عبدالمجيد | |
| 245 | 1 | 0 |
_aمبدأ مونرو وتطوره: دراسة فى سياسة الولايات المتحدة الامريكية الخاريجية تجاه امريكا اللاتينية 1915-1823م / _cابراهيم عبدالمجيد |
| 260 |
_a[S.N] : _bمكتبة النهضة المصرية ، _c1988 |
||
| 300 | _a102 ص | ||
| 490 | _a | ||
| 650 | 0 | 4 | _aالعصر الحديث |
| 650 | 0 | 4 | _aتاريخ |
| 650 | 0 | 4 | _aالولايات المتحدة الامريكية |
| 650 | 0 | 4 | _aالعلاقات الخارجية |
| 650 | 0 | 4 | _aامريكا الجنوبية |
| 942 |
_2ddc _cBK |
||
| 999 |
_c32555 _d32555 |
||